Jim Carrey - Roles by Picture - Statistics

General Stats
  • This quiz has been taken 64 times
  • The average score is 10 of 41
Answer Stats
Picture Answer % Correct
The Grinch
89%
Stanley Ipkiss / The Mask
80%
Ace Ventura
70%
Ebenezer Scrooge
64%
Joe Biden
52%
The Riddler / Edward Nygma
50%
Lloyd Christmas
48%
Horton
45%
Mr. Tom Popper Jr.
45%
Dr. Robotnik
43%
Bruce Nolan
39%
Count Olaf
39%
The Cable Guy
39%
Andy Kaufman
36%
Truman Burbank
34%
Fletcher Reede
27%
Dick Harper
23%
Charlie Baileygates
20%
Hank Evans
16%
Sal Bertolinni / Colonel Stars and Stripes
11%
Carl
9%
Mark Kendall
9%
Steve Gray
9%
The Fingerlakes Guy
9%
Bobby Todd
7%
Brad Peters
7%
Dave Williams
7%
Jeff Pickles
7%
Joel Barish
7%
Johnny Squares
7%
Lane Biddlecoff
7%
Peter Appleton
7%
Skip Tarkenton
7%
Steven Russell
7%
Tadek
7%
The Hermit
7%
Tim Carter
7%
Tony Moroni
7%
Walter Sparrow / Detective Fingerling
7%
Wiploc
7%
Vera De Milo
5%
No matching quizzes found
Score Distribution
Percent of People with Each Score
Percentile by Number Answered
Your Score History
You have not taken this quiz